Estudio de prefactibilidad de la producción y comercialización de ganado porcino en el centro experimental Agrícola CEA-UNI
La investigación consiste en la producción, crianza, desarrollo, engorde y comercialización de cerdos en pie de las razas Landrace-Duroc (híbridos) en el centro experimental agrícola (CEA-UNI) ubicado en la comarca Santa Clara, municipio de Masaya, realiza un estudio de mercado, identificando n...
| Main Authors: | , |
|---|---|
| Other Authors: | |
| Format: | Tesis Section = Libro |
| Language: | Undetermined Spanish |
| Published: |
Managua
UNI
2017
|
| Subjects: |
| LEADER | 01666nam a2200277Ia 4500 | ||
|---|---|---|---|
| 008 | 240830s9999 xx 000 0 und d | ||
| 040 | |a BIBLIOTECA-RUPAP Mon 636.4 R696 | ||
| 041 | |a spa | ||
| 082 | |a Mon 636.4 R696 | ||
| 100 | 1 | |a Rodríguez Reyes, Zayra Vanessa | |
| 100 | 1 | |b Sobalvarro Rodríguez, Milton Eduardo | |
| 245 | 1 | 0 | |a Estudio de prefactibilidad de la producción y comercialización de ganado porcino en el centro experimental Agrícola CEA-UNI |
| 260 | |a Managua |b UNI |c 2017 | ||
| 300 | |a 54 p. :il. | ||
| 500 | |a Contiene: anexos y CD. | ||
| 502 | |a Tesis (Ingeniero Agrícola)- UNI, 2017. | ||
| 520 | 3 | |a La investigación consiste en la producción, crianza, desarrollo, engorde y comercialización de cerdos en pie de las razas Landrace-Duroc (híbridos) en el centro experimental agrícola (CEA-UNI) ubicado en la comarca Santa Clara, municipio de Masaya, realiza un estudio de mercado, identificando nichos de mercado para la producción y comercialización del ganado porcino producido en el CEA-UNI, elabora un estudio técnico que permita analizar y determinar el tamaño óptimo, la localización, instalaciones, los equipos, ingeniería, proceso productivo, capacidad instalada y organización que el proyecto requiera, realiza la evaluación financiera y el análisis de sensibilidad del proyecto. | |
| 650 | 7 | |a CERDOS-CRIA Y DESARROLLO | |
| 650 | 7 | |b ESTUDIOS DE FACTIBILIDAD | |
| 650 | 7 | |c EVALUACION FINANCIERA | |
| 650 | 7 | |d GANADO PORCINO-COMERCIALIZACION | |
| 650 | 7 | |e GRANJA PORCINA-INSTALACION | |
| 700 | 1 | |a Tutor: |b Sú Aguilar, Eduardo Agustín Agustín | |
| 942 | |c BK |2 ddc | ||
| 991 | |a TESIS | ||
| 999 | |c 16796 | ||